| 000 | 01591nac a22006130a 4500 | ||
|---|---|---|---|
| 001 | PT57052 | ||
| 003 | AR-LpoUNG | ||
| 005 | 20210201005546.0 | ||
| 008 | 201001s2015||||ag |||||||||||||||||spa d | ||
| 020 |
_a9789876283601 _c$25 |
||
| 040 |
_aAR-LpoUNG _bspa _eaacr |
||
| 041 | _aspa | ||
| 044 | _aag | ||
| 082 | 0 | _a982.12 154v6 | |
| 100 | 1 |
_aKessler, Gabriel _edir. |
|
| 245 | 1 | 3 | _aEl Gran Buenos Aires |
| 250 | _a1ra ed. | ||
| 260 |
_aBuenos Aires : _bUNIPE : Edhasa, _c2015. |
||
| 300 |
_a604 p. : _btbls, gráfs., mapas _a(6 _fVolúmenes) _3Impreso |
||
| 490 | 0 | _aHistoria de la Provincia de Buenos Aires | |
| 650 | 4 | _aANALISIS HISTORICO | |
| 650 | 4 | _aARGENTINA | |
| 650 | 4 | _aASISTENCIA SOCIAL | |
| 650 | 4 | _aASPECTOS ECONOMICOS | |
| 650 | 4 | _aASPECTOS SOCIALES | |
| 650 | 4 | _aCOMERCIO | |
| 650 | 4 | _aCULTURA POPULAR | |
| 650 | 4 | _aDEMOCRATIZACION | |
| 650 | 4 | _aDESCENTRALIZACION | |
| 650 | 4 | _aDESEMPLEO | |
| 650 | 4 | _aELECCIONES | |
| 650 | 4 | _aESTADO | |
| 650 | 4 | _aESTRUCTURA SOCIAL | |
| 650 | 4 | _aFACTORES CULTURALES | |
| 650 | 4 | _aFEDERALISMO | |
| 650 | 4 | _aGOBIERNO LOCAL | |
| 650 | 4 | _aHISTORIA | |
| 650 | 4 | _aHISTORIA POLITICA | |
| 650 | 4 | _aMERCADO DE TRABAJO | |
| 650 | 4 | _aPOBLACION | |
| 650 | 4 | _aPOBREZA | |
| 650 | 4 | _aPOLITICA NACIONAL | |
| 650 | 4 | _aPRACTICA RELIGIOSA | |
| 650 | 4 | _aPROBLEMAS SOCIALES | |
| 650 | 4 | _aSOCIEDAD | |
| 650 | 4 | _aTRABAJADORES | |
| 650 | 4 | _aTRANSPORTE | |
| 650 | 4 | _aVIVIENDA | |
| 651 | 4 | _aArgentina | |
| 653 | _aPIQUETEROS | ||
| 653 | _aPROVINCIA DE BUENOS AIRES | ||
| 905 | _a57052 | ||
| 942 | _cLIB | ||
| 999 |
_c50211 _d50211 |
||